[Event "GBR-ch107 Over 50"]
[Site "Milton Keynes"]
[Date "2021.10.08"]
[Round "5.7"]
[White "Botham, C Paul"]
[Black "Dargan, Paul A G"]
[Result "1/2-1/2"]
[WhiteElo "1944"]
[BlackElo "2075"]
[PlyCount "167"]
[EventDate "2021.10.04"]
[EventType "swiss"]
[EventRounds "7"]
[EventCountry "GBR"]
[SourceTitle "BritBase"]
[Source "John Saunders"]
[SourceDate "2021.06.05"]
[SourceVersion "1"]
[SourceVersionDate "2021.06.05"]
[SourceQuality "1"]

1. c4 e5 2. Nc3 Nc6 3. g3 Bc5 4. Bg2 d6 5. d3 a6 6. e3 Ba7 7. Nge2 h5 8. h3 h4
9. g4 f5 10. f3 Be6 11. Nd5 Nce7 12. Nxe7 Qxe7 13. b3 O-O-O 14. Nc3 c6 15. Qe2
Nf6 16. Bd2 g6 17. O-O-O d5 18. Nb1 Rhe8 19. Be1 Qh7 20. Bf2 e4 21. cxd5 Bxd5
22. d4 fxg4 23. fxg4 g5 24. Be1 Qe7 25. Rf1 Rf8 26. Bd2 Nd7 27. Nc3 Bb8 28.
Rxf8 Rxf8 29. Rf1 Rxf1+ 30. Qxf1 Qf6 31. Nxd5 cxd5 32. Bb4 Qc6+ 33. Kb2 Bd6 34.
Bd2 Be7 35. Qf5 Qd6 36. Bf1 Qh2 37. Kc1 Qd6 38. Kb2 Kb8 39. Be1 Ka7 40. Bd2 Nb6
41. Kb1 Qa3 42. Be2 Qd6 43. Bf1 Qd8 44. Be2 Ba3 45. Bf1 Qe7 46. Be2 Bb4 47. Bc1
Qd8 48. Bf1 Na8 49. Be2 Nc7 50. Bf1 a5 51. Be2 Qe7 52. Bf1 b5 53. Qf2 a4 54.
Qc2 axb3 55. Qxb3 Kb6 56. Qc2 Qf6 57. Bg2 Qc6 58. Bf1 Qxc2+ 59. Kxc2 Ka5 60.
Kb3 Be1 61. Be2 Na8 62. Bf1 Nb6 63. Be2 Nc4 64. Bxc4 bxc4+ 65. Kc2 Ka4 66. Kd1
Bf2 67. Kc2 Bg1 68. Kc3 Bh2 69. Bb2 Bd6 70. Kc2 Ba3 71. Bc3 Bb4 72. Bb2 Ba5 73.
Bc1 Be1 74. Bb2 Bb4 75. Bc1 c3 76. Kb1 Ba3 77. Bxa3 Kxa3 78. Kc2 Kxa2 79. Kxc3
Ka3 80. Kc2 Ka4 81. Kc3 Ka5 82. Kb3 Kb5 83. Kc3 Ka4 84. Kc2 1/2-1/2

[Event "GBR-ch107 Over 50"]
[Site "Milton Keynes"]
[Date "2021.10.08"]
[Round "5.8"]
[White "Di Mattia, Luciano DM"]
[Black "Gibbs, Dominic V"]
[Result "0-1"]
[WhiteElo "1466"]
[BlackElo "1861"]
[PlyCount "76"]
[EventDate "2021.10.04"]
[EventType "swiss"]
[EventRounds "7"]
[EventCountry "GBR"]
[SourceTitle "BritBase"]
[Source "John Saunders"]
[SourceDate "2021.06.05"]
[SourceVersion "1"]
[SourceVersionDate "2021.06.05"]
[SourceQuality "1"]

1. e4 c5 2. Nf3 d6 3. Bb5+ Bd7 4. Bxd7+ Nxd7 5. c3 Ngf6 6. d3 e6 7. O-O Be7 8.
Re1 O-O 9. a4 Qc7 10. Nbd2 b6 11. h3 a6 12. c4 Rab8 13. Qb3 Rb7 14. Nb1 Ne5 15.
Nxe5 dxe5 16. Rd1 Rd8 17. Na3 Qc6 18. Bg5 h6 19. Bh4 Nh5 20. Bxe7 Rxe7 21. g3
Red7 22. Rd2 f5 23. Qd1 Nf6 24. f3 fxe4 25. Qe2 exf3 26. Qxe5 Rxd3 27. Rxd3
Rxd3 28. Qb8+ Kh7 29. Qf4 Rd4 30. Qe3 Qd6 31. Qxf3 Rd3 32. Qf2 Rxg3+ 33. Kf1
Qd3+ 34. Qe2 Rf3+ 35. Ke1 Re3 36. Qxe3 Qxe3+ 37. Kf1 Ne4 38. Kg2 Qf2+ 0-1

[Event "GBR-ch107 Over 50"]
[Site "Milton Keynes"]
[Date "2021.10.09"]
[Round "6.1"]
[White "Waddington, Mike P"]
[Black "Robson, Ian A"]
[Result "1-0"]
[WhiteElo "2047"]
[BlackElo "2189"]
[PlyCount "105"]
[EventDate "2021.10.04"]
[EventType "swiss"]
[EventRounds "7"]
[EventCountry "GBR"]
[SourceTitle "BritBase"]
[Source "John Saunders"]
[SourceDate "2021.06.05"]
[SourceVersion "1"]
[SourceVersionDate "2021.06.05"]
[SourceQuality "1"]

1. Nc3 e5 2. Nf3 Nc6 3. d4 exd4 4. Nxd4 Nf6 5. Bg5 Nxd4 6. Qxd4 Be7 7. O-O-O
O-O 8. e4 d6 9. f3 Be6 10. g4 c5 11. Qd2 Qa5 12. Kb1 h6 13. Bf4 Rfd8 14. h4 Ne8
15. g5 h5 16. Rg1 a6 17. g6 Bxh4 18. Bg5 Bxg5 19. gxf7+ Bxf7 20. Qxg5 Kf8 21.
Bh3 d5 22. exd5 Rd6 23. Rde1 Qd8 24. Qe3 b6 25. Be6 Ra7 26. f4 Nf6 27. f5 Nxd5
28. Nxd5 Bxe6 29. fxe6 Rxd5 30. Rgf1+ Kg8 31. c4 Rd6 32. Qe5 Re7 33. Qxh5 Rdxe6
34. Rd1 Qe8 35. Qd5 Qg6+ 36. Ka1 Qe4 37. Qd8+ Re8 38. Qc7 Qe5 39. Qf7+ Kh8 40.
Rh1+ Rh6 41. Rxh6+ gxh6 42. a3 Qe7 43. Qh5 Qe6 44. Rh1 Kh7 45. Rf1 Rg8 46. Qf3
Qxc4 47. Qf5+ Kh8 48. Rh1 Rg7 49. Rxh6+ Kg8 50. Qc8+ Kf7 51. Qd7+ Kf8 52. Qd8+
Kf7 53. Rf6# 1-0

[Event "GBR-ch107 Over 50"]
[Site "Milton Keynes"]
[Date "2021.10.09"]
[Round "6.2"]
[White "Kett, Timothy J"]
[Black "Erdogan, Hassan"]
[Result "0-1"]
[WhiteElo "2156"]
[BlackElo "1842"]
[PlyCount "96"]
[EventDate "2021.10.04"]
[EventType "swiss"]
[EventRounds "7"]
[EventCountry "GBR"]
[SourceTitle "BritBase"]
[Source "John Saunders"]
[SourceDate "2021.06.05"]
[SourceVersion "1"]
[SourceVersionDate "2021.06.05"]
[SourceQuality "1"]

1. e4 d6 2. d4 Nd7 3. f4 e5 4. Nf3 exd4 5. Nxd4 Ngf6 6. Nc3 Be7 7. Bc4 O-O 8.
O-O Nb6 9. Bb3 c5 10. Nf3 c4 11. Ba4 Nxa4 12. Nxa4 d5 13. e5 Ne4 14. Nd4 f5 15.
Be3 a6 16. Nc3 Bc5 17. Nxe4 fxe4 18. Qd2 Bxd4 19. Qxd4 Be6 20. Rad1 g6 21. Bd2
a5 22. Be1 b5 23. Bg3 Qd7 24. Bh4 Qa7 25. Qxa7 Rxa7 26. Bf6 Rd7 27. Rd4 b4 28.
Kf2 Kf7 29. h3 h5 30. Rg1 Ke8 31. g4 hxg4 32. hxg4 Rff7 33. Kg3 Rh7 34. Rf1 e3
35. Re1 a4 36. Rxe3 Rh1 37. f5 gxf5 38. gxf5 Bxf5 39. c3 b3 40. axb3 axb3 41.
Rh4 Rxh4 42. Kxh4 Kf7 43. Kg5 Ke6 44. Rf3 Be4 45. Rh3 Rh7 46. Rg3 Rh2 47. Kf4
Rxb2 48. Ke3 Rh2 0-1

[Event "GBR-ch107 Over 50"]
[Site "Milton Keynes"]
[Date "2021.10.09"]
[Round "6.3"]
[White "Mason, Donald J"]
[Black "Kenning, Paul H"]
[Result "1-0"]
[WhiteElo "2062"]
[BlackElo "1805"]
[PlyCount "45"]
[EventDate "2021.10.04"]
[EventType "swiss"]
[EventRounds "7"]
[EventCountry "GBR"]
[SourceTitle "BritBase"]
[Source "John Saunders"]
[SourceDate "2021.06.05"]
[SourceVersion "1"]
[SourceVersionDate "2021.06.05"]
[SourceQuality "1"]

1. e4 d6 2. d4 Nf6 3. Nc3 e5 4. Nf3 Nbd7 5. Rg1 c6 6. g4 h6 7. h4 Be7 8. g5
hxg5 9. hxg5 Nh5 10. g6 fxg6 11. Rxg6 Nf8 12. Rg1 Bf6 13. Be2 Nf4 14. Bxf4 exf4
15. e5 Be7 16. Rxg7 dxe5 17. dxe5 Qb6 18. Rxe7+ Kxe7 19. Qd6+ Ke8 20. O-O-O Be6
21. Ne4 Bf5 22. Nf6+ Kf7 23. Bc4+ 1-0

[Event "GBR-ch107 Over 50"]
[Site "Milton Keynes"]
[Date "2021.10.09"]
[Round "6.4"]
[White "Dargan, Paul A G"]
[Black "Smith, Andrew Philip"]
[Result "1-0"]
[WhiteElo "2075"]
[BlackElo "2133"]
[PlyCount "57"]
[EventDate "2021.10.04"]
[EventType "swiss"]
[EventRounds "7"]
[EventCountry "GBR"]
[SourceTitle "BritBase"]
[Source "John Saunders"]
[SourceDate "2021.06.05"]
[SourceVersion "1"]
[SourceVersionDate "2021.06.05"]
[SourceQuality "1"]

1. e4 e5 2. Nf3 d6 3. d4 Nd7 4. Bc4 Qe7 5. Nc3 c6 6. O-O g6 7. Ng5 Nh6 8. f4
exf4 9. Bxf4 Bg7 10. Qd2 O-O 11. Nf3 Ng4 12. Rae1 b5 13. Bxb5 cxb5 14. Nxb5 Bb7
15. Bxd6 Qd8 16. Bxf8 Nxf8 17. c4 Bh6 18. Qd3 Ne6 19. h3 Nf4 20. Qd1 Ne3 21.
Rxe3 Nxh3+ 22. gxh3 Bxe3+ 23. Kh2 Bxe4 24. Qe2 Qb8+ 25. Kg2 Qf4 26. Nc3 Re8 27.
Nxe4 Rxe4 28. Ne5 Qg5+ 29. Kh1 1-0

[Event "GBR-ch107 Over 50"]
[Site "Milton Keynes"]
[Date "2021.10.09"]
[Round "6.5"]
[White "Gibbs, Dominic V"]
[Black "Crocker, Philip J"]
[Result "0-1"]
[WhiteElo "1861"]
[BlackElo "2109"]
[PlyCount "96"]
[EventDate "2021.10.04"]
[EventType "swiss"]
[EventRounds "7"]
[EventCountry "GBR"]
[SourceTitle "BritBase"]
[Source "John Saunders"]
[SourceDate "2021.06.05"]
[SourceVersion "1"]
[SourceVersionDate "2021.06.05"]
[SourceQuality "1"]

1. e4 d6 2. Bc4 g6 3. f4 Bg7 4. Nf3 c5 5. O-O Nc6 6. Nc3 e6 7. Qe1 Nge7 8. d3
O-O 9. f5 gxf5 10. Bg5 f6 11. Bd2 fxe4 12. dxe4 Kh8 13. Qh4 a6 14. Bh6 Ng6 15.
Bxg7+ Kxg7 16. Qg3 b5 17. Be2 Bb7 18. Nh4 Nce5 19. Rad1 b4 20. Nb1 Bxe4 21. c4
Bxb1 22. Rxb1 f5 23. Nxg6 hxg6 24. Rbd1 Qe7 25. Rd2 Rad8 26. a3 a5 27. axb4
axb4 28. b3 Nc6 29. Ra1 Nd4 30. Bd1 Ra8 31. Rda2 Rxa2 32. Rxa2 e5 33. Kf1 f4
34. Qe1 e4 35. Kg1 e3 36. Qf1 Qe4 37. Bf3 Nxf3+ 38. gxf3 Qd4 39. Qe2 Rf5 40.
Kf1 Rg5 41. Qb2 Qxb2 42. Rxb2 Kf6 43. Ra2 Ke5 44. Ra6 Rh5 45. Kg2 Kd4 46. Rxd6+
Kc3 47. h3 Kxb3 48. Rd5 Kxc4 0-1

[Event "GBR-ch107 Over 50"]
[Site "Milton Keynes"]
[Date "2021.10.09"]
[Round "6.6"]
[White "Williamson, Kevin J"]
[Black "Hymer, Barry J"]
[Result "1/2-1/2"]
[WhiteElo "1859"]
[BlackElo "1870"]
[PlyCount "146"]
[EventDate "2021.10.04"]
[EventType "swiss"]
[EventRounds "7"]
[EventCountry "GBR"]
[SourceTitle "BritBase"]
[Source "John Saunders"]
[SourceDate "2021.06.05"]
[SourceVersion "1"]
[SourceVersionDate "2021.06.05"]
[SourceQuality "1"]

1. d4 Nf6 2. Nc3 d6 3. Nf3 Nbd7 4. Bf4 g6 5. Qd2 h6 6. e4 g5 7. Bg3 Nh5 8.
O-O-O Bg7 9. Be2 c5 10. dxc5 Nxg3 11. hxg3 Nxc5 12. Nd4 Qa5 13. Kb1 Bd7 14. f3
Rc8 15. f4 b5 16. Bxb5 Bxb5 17. Ndxb5 Nxe4 18. Nxe4 Qxb5 19. b3 O-O 20. Qd5 Qb4
21. c4 gxf4 22. gxf4 Rfd8 23. Rc1 a5 24. Qd2 Qb7 25. Nc3 Rxc4 26. Qd5 Rc6 27.
Qxa5 Ra8 28. Qb5 Rb6 29. Qe2 Rb8 30. Qc2 d5 31. Rhe1 d4 32. Na4 d3 33. Qxd3 Rd6
34. Qc2 Qa7 35. Nb2 Qd4 36. Red1 Qxf4 37. Rxd6 Qxd6 38. Rd1 Qe5 39. Rd2 Bf6 40.
Qd1 Kh7 41. Qf3 Rd8 42. Re2 Qd4 43. Qf5+ Kg7 44. Qf2 Qc3 45. Qf3 Qc5 46. Qf2
Qc3 47. Qf3 Qxf3 48. gxf3 h5 49. Rg2+ Kh6 50. Nc4 Rd1+ 51. Kc2 Rf1 52. a4 Rxf3
53. a5 Rc3+ 54. Kd1 Rxb3 55. Ra2 Rg3 56. a6 Rg1+ 57. Kc2 Rg2+ 58. Nd2 Bd4 59.
a7 Bxa7 60. Rxa7 Re2 61. Kd3 Re6 62. Nf3 Kg6 63. Ra5 f6 64. Nh4+ Kh6 65. Nf5+
Kh7 66. Ng3 h4 67. Rh5+ Kg6 68. Rxh4 Kg5 69. Ra4 Re1 70. Ne4+ Kg6 71. Ra7 e5
72. Ra6 Rf1 73. Ke3 Rf4 1/2-1/2

[Event "GBR-ch107 Over 50"]
[Site "Milton Keynes"]
[Date "2021.10.09"]
[Round "6.7"]
[White "Di Mattia, Luciano DM"]
[Black "Woods, Timothy J"]
[Result "1-0"]
[WhiteElo "1466"]
[BlackElo "1565"]
[PlyCount "83"]
[EventDate "2021.10.04"]
[EventType "swiss"]
[EventRounds "7"]
[EventCountry "GBR"]
[SourceTitle "BritBase"]
[Source "John Saunders"]
[SourceDate "2021.06.05"]
[SourceVersion "1"]
[SourceVersionDate "2021.06.05"]
[SourceQuality "1"]

1. e4 d6 2. d4 Nf6 3. Bd3 g6 4. Nf3 Bg7 5. c3 O-O 6. Be3 Nc6 7. O-O e5 8. d5
Ne7 9. Nbd2 Ne8 10. a4 h6 11. Nc4 f5 12. exf5 gxf5 13. Bc2 Nf6 14. Qc1 Kh7 15.
Nh4 Qe8 16. Nd2 Qh5 17. g3 Rg8 18. Bd1 Qf7 19. c4 Kh8 20. Ndf3 f4 21. Bd2 Bh3
22. Re1 Bf8 23. Ra3 Ng6 24. Nxg6+ Qxg6 25. Nh4 Qg5 26. Nf3 Qg7 27. Nh4 Re8 28.
Kh1 Ng4 29. Rf3 Qg5 30. Bxf4 Qh5 31. Qc2 Be7 32. Nf5 Bg2+ 33. Kxg2 Qxh2+ 34.
Kf1 Bf6 35. Be3 Qh3+ 36. Ke2 Nh2 37. Nxh6 Nxf3 38. Nxg8 Rxg8 39. Kxf3 Bh4 40.
Ke2 Bf6 41. Kd2 Qg2 42. Kc1 1-0

[Event "GBR-ch107 Over 50"]
[Site "Milton Keynes"]
[Date "2021.10.10"]
[Round "7.1"]
[White "Fraser-Mitchell, Jeremy N"]
[Black "Waddington, Mike P"]
[Result "0-1"]
[WhiteElo "2058"]
[BlackElo "2047"]
[PlyCount "74"]
[EventDate "2021.10.04"]
[EventType "swiss"]
[EventRounds "7"]
[EventCountry "GBR"]
[SourceTitle "BritBase"]
[Source "John Saunders"]
[SourceDate "2021.06.05"]
[SourceVersion "1"]
[SourceVersionDate "2021.06.05"]
[SourceQuality "1"]

1. f4 f5 2. Nf3 Nf6 3. g3 g6 4. Bg2 Bg7 5. O-O O-O 6. d3 d6 7. c3 Nc6 8. Na3 e5
9. fxe5 dxe5 10. Qb3+ Kh8 11. Ng5 Qe7 12. Bd2 a5 13. Rae1 h6 14. Nh3 e4 15. Nf4
Kh7 16. Nc4 g5 17. Nh3 Ng4 18. dxe4 fxe4 19. Rxf8 Bxf8 20. Rf1 Bg7 21. Ne3 Nf6
22. Nf5 Bxf5 23. Rxf5 Rd8 24. Be3 b6 25. Nf2 Rd6 26. h3 Kh8 27. Qb5 Qe6 28. g4
Qxa2 29. Rxf6 Bxf6 30. Nxe4 Rd1+ 31. Kf2 Qe6 32. Bf3 Ne5 33. Bd4 Bg7 34. Qa4
Rb1 35. Qc2 Ra1 36. Bg2 Qf7+ 37. Kg3 Qf4# 0-1

[Event "GBR-ch107 Over 50"]
[Site "Milton Keynes"]
[Date "2021.10.10"]
[Round "7.2"]
[White "Robson, Ian A"]
[Black "Kett, Timothy J"]
[Result "0-1"]
[WhiteElo "2189"]
[BlackElo "2156"]
[PlyCount "82"]
[EventDate "2021.10.04"]
[EventType "swiss"]
[EventRounds "7"]
[EventCountry "GBR"]
[SourceTitle "BritBase"]
[Source "John Saunders"]
[SourceDate "2021.06.05"]
[SourceVersion "1"]
[SourceVersionDate "2021.06.05"]
[SourceQuality "1"]

1. e4 e5 2. Nf3 Nc6 3. d4 exd4 4. Nxd4 Nf6 5. Nxc6 bxc6 6. e5 Qe7 7. Qe2 Nd5 8.
c4 Nb6 9. Nc3 Qe6 10. Qe4 Bb4 11. Bd2 Bb7 12. O-O-O O-O-O 13. Bd3 c5 14. Qe2 f6
15. Rhe1 Bxg2 16. a3 Ba5 17. b4 cxb4 18. Nb5 Na4 19. f3 a6 20. axb4 axb5 21.
bxa5 Qe7 22. Bf4 Qa3+ 23. Kd2 bxc4 24. Bc2 Qc3+ 25. Kc1 Bxf3 26. Qf2 Bxd1 27.
Rxd1 fxe5 28. Bg5 Rdf8 29. Qa7 Qb2+ 30. Kd2 Qb4+ 31. Kc1 d6 32. Be7 c3 33. Qa6+
Kd7 34. Bxa4+ Kxe7 35. Qb5 Qa3+ 36. Kc2 Rf2+ 37. Kd3 c2+ 38. Kc4 c1=Q+ 39. Rxc1
Qxc1+ 40. Kd5 Rd2+ 41. Ke4 Qe1+ 0-1

[Event "GBR-ch107 Over 50"]
[Site "Milton Keynes"]
[Date "2021.10.10"]
[Round "7.3"]
[White "Erdogan, Hassan"]
[Black "Mason, Donald J"]
[Result "0-1"]
[WhiteElo "1842"]
[BlackElo "2062"]
[PlyCount "76"]
[EventDate "2021.10.04"]
[EventType "swiss"]
[EventRounds "7"]
[EventCountry "GBR"]
[SourceTitle "BritBase"]
[Source "John Saunders"]
[SourceDate "2021.06.05"]
[SourceVersion "1"]
[SourceVersionDate "2021.06.05"]
[SourceQuality "1"]

1. d4 Nf6 2. Nf3 g6 3. e3 Bg7 4. Be2 O-O 5. O-O d6 6. b3 Nbd7 7. Bb2 e5 8. c4
e4 9. Nfd2 Re8 10. Qc2 Nf8 11. Nc3 Bf5 12. Rfd1 h5 13. d5 N8d7 14. Nb5 Ng4 15.
Bxg7 Kxg7 16. h3 Qh4 17. hxg4 hxg4 18. g3 Qh5 19. Bf1 Ne5 20. Bg2 Nf3+ 21. Kf1
Qh2 22. Bxf3 exf3 23. Qc3+ f6 24. Ke1 Qg1+ 25. Nf1 Rh8 26. Kd2 Qxf2+ 27. Kc1
Rh1 28. Nd4 Rxf1 29. Nxf5+ gxf5 30. Rxf1 Qxf1+ 31. Kb2 Qe2+ 32. Ka3 Re8 33. Rh1
Qxe3 34. Qc2 Qc5+ 35. Ka4 b5+ 36. Ka5 Qb6+ 37. Kb4 a5+ 38. Ka3 Qc5+ 0-1

[Event "GBR-ch107 Over 50"]
[Site "Milton Keynes"]
[Date "2021.10.10"]
[Round "7.4"]
[White "Crocker, Philip J"]
[Black "Dargan, Paul A G"]
[Result "1-0"]
[WhiteElo "2109"]
[BlackElo "2075"]
[PlyCount "57"]
[EventDate "2021.10.04"]
[EventType "swiss"]
[EventRounds "7"]
[EventCountry "GBR"]
[SourceTitle "BritBase"]
[Source "John Saunders"]
[SourceDate "2021.06.05"]
[SourceVersion "1"]
[SourceVersionDate "2021.06.05"]
[SourceQuality "1"]

1. d4 Nf6 2. c4 e6 3. g3 Bb4+ 4. Bd2 Bxd2+ 5. Nxd2 Nc6 6. e3 d6 7. Bg2 O-O 8.
Ne2 Qe7 9. O-O a5 10. Rc1 e5 11. d5 Nb4 12. a3 Na6 13. Qc2 Bd7 14. Nc3 Rfc8 15.
e4 c6 16. Rce1 cxd5 17. Nxd5 Nxd5 18. exd5 a4 19. f4 f6 20. Be4 h6 21. Nf3 Nc5
22. Bh7+ Kh8 23. Nh4 Be8 24. fxe5 fxe5 25. Nf5 Qc7 26. Nxh6 gxh6 27. Rf8+ Kg7
28. Rg8+ Kf7 29. Qf5+ 1-0

[Event "GBR-ch107 Over 50"]
[Site "Milton Keynes"]
[Date "2021.10.10"]
[Round "7.5"]
[White "Kenning, Paul H"]
[Black "Di Mattia, Luciano DM"]
[Result "1/2-1/2"]
[WhiteElo "1805"]
[BlackElo "1466"]
[PlyCount "51"]
[EventDate "2021.10.04"]
[EventType "swiss"]
[EventRounds "7"]
[EventCountry "GBR"]
[SourceTitle "BritBase"]
[Source "John Saunders"]
[SourceDate "2021.06.05"]
[SourceVersion "1"]
[SourceVersionDate "2021.06.05"]
[SourceQuality "1"]

1. d4 d6 2. e4 e5 3. Nf3 Nf6 4. Nc3 Nbd7 5. Rg1 exd4 6. Qxd4 Be7 7. g4 c5 8.
Qd1 Ne5 9. g5 Nxf3+ 10. Qxf3 Nd7 11. Bf4 Nf8 12. O-O-O Ne6 13. Qg3 Nxf4 14.
Qxf4 a6 15. e5 h6 16. h4 hxg5 17. hxg5 Rh5 18. Kb1 Bxg5 19. Qf3 g6 20. exd6 Qf6
21. d7+ Bxd7 22. Qxb7 Bc6 23. Qb6 Bf3 24. Re1+ Kf8 25. Qxc5+ Kg7 26. Qc4
1/2-1/2

[Event "GBR-ch107 Over 50"]
[Site "Milton Keynes"]
[Date "2021.10.10"]
[Round "7.6"]
[White "Woods, Timothy J"]
[Black "Williamson, Kevin J"]
[Result "0-1"]
[WhiteElo "1565"]
[BlackElo "1859"]
[PlyCount "84"]
[EventDate "2021.10.04"]
[EventType "swiss"]
[EventRounds "7"]
[EventCountry "GBR"]
[SourceTitle "BritBase"]
[Source "John Saunders"]
[SourceDate "2021.06.05"]
[SourceVersion "1"]
[SourceVersionDate "2021.06.05"]
[SourceQuality "1"]

1. e4 d5 2. exd5 Qxd5 3. Nc3 Qd8 4. d4 c6 5. Bc4 Nf6 6. Nf3 Bf5 7. O-O e6 8.
Re1 Be7 9. Ne5 O-O 10. Ne2 Nbd7 11. Ng3 Bg6 12. Qe2 Nxe5 13. dxe5 Nd5 14. c3
Qc7 15. Bd2 Rfd8 16. Rad1 Rd7 17. Bb3 Rad8 18. Kh1 a5 19. Bc1 b5 20. f4 a4 21.
Bc2 Bxc2 22. Qxc2 Bh4 23. Qf2 Ne7 24. Rxd7 Qxd7 25. Qf3 Qd5 26. Qxd5 Rxd5 27.
Rf1 Bxg3 28. hxg3 h5 29. Kh2 Nf5 30. b3 Rd3 31. Rf3 Rd1 32. Ba3 Rd2 33. bxa4
Rxa2 34. c4 bxa4 35. Rd3 Rc2 36. c5 Kh7 37. Kh3 Kg6 38. Kh2 Rc4 39. Kh3 Rd4 40.
Rc3 Ne7 41. Bb2 Nd5 42. Ra3 Rb4 0-1

[Event "GBR-ch107 Over 65"]
[Site "Milton Keynes"]
[Date "2021.10.04"]
[Round "1.1"]
[White "Jackson, Oliver A"]
[Black "Calvert, D Ian"]
[Result "1-0"]
[WhiteElo "2112"]
[BlackElo "1881"]
[PlyCount "88"]
[EventDate "2021.10.04"]
[EventType "swiss"]
[EventRounds "7"]
[EventCountry "GBR"]
[SourceTitle "BritBase"]
[Source "John Saunders"]
[SourceDate "2021.06.05"]
[SourceVersion "1"]
[SourceVersionDate "2021.06.05"]
[SourceQuality "1"]

1. e4 d5 2. exd5 Qxd5 3. Nc3 Qd6 4. d4 Nf6 5. Nf3 a6 6. g3 Bg4 7. h3 Bxf3 8.
Qxf3 c6 9. Be3 e6 10. O-O-O Nbd7 11. a3 Qc7 12. g4 Bd6 13. g5 Nd5 14. Ne4 Nxe3
15. Nxd6+ Qxd6 16. fxe3 Qe7 17. Rg1 O-O-O 18. Bxa6 Kc7 19. Be2 b5 20. e4 Nb6
21. Qc3 Kb7 22. h4 Rd7 23. Bf3 Rhd8 24. Rge1 f6 25. d5 cxd5 26. exd5 Nxd5 27.
Qa5 Kb8 28. Qxb5+ Rb7 29. Qa5 Ra7 30. Rxe6 Rxa5 31. Rxe7 Nxe7 32. Rxd8+ Kc7 33.
Rh8 Rf5 34. Be2 Rf2 35. gxf6 gxf6 36. Bd3 f5 37. Rxh7 Kd6 38. Rf7 f4 39. h5 Nd5
40. h6 Rh2 41. h7 Rh1+ 42. Kd2 Rh2+ 43. Ke1 Ne3 44. Rf6+ Kd5 1-0

[Event "GBR-ch107 Over 65"]
[Site "Milton Keynes"]
[Date "2021.10.04"]
[Round "1.2"]
[White "Gamble, Raymond J"]
[Black "Myall, Ivan J"]
[Result "0-1"]
[WhiteElo "1871"]
[BlackElo "2011"]
[PlyCount "70"]
[EventDate "2021.10.04"]
[EventType "swiss"]
[EventRounds "7"]
[EventCountry "GBR"]
[SourceTitle "BritBase"]
[Source "John Saunders"]
[SourceDate "2021.06.05"]
[SourceVersion "1"]
[SourceVersionDate "2021.06.05"]
[SourceQuality "1"]

1. d4 d5 2. Nf3 c6 3. e3 Bf5 4. Bd3 Bxd3 5. Qxd3 Nf6 6. Nbd2 e6 7. b3 Na6 8. a3
Be7 9. Bb2 O-O 10. O-O Nh5 11. e4 Nf4 12. Qe3 Ng6 13. e5 Rc8 14. c4 Nc7 15. c5
f6 16. b4 fxe5 17. dxe5 Rf5 18. Nd4 Bg5 19. Qc3 Bxd2 20. Qxd2 Rh5 21. f4 Qd7
22. g3 Nb5 23. Nxb5 cxb5 24. Qe2 Rf5 25. Bd4 Rcf8 26. Rac1 Ne7 27. Bb2 a6 28.
Qd3 Nc6 29. Bd4 Qf7 30. Bb2 Qg6 31. Qe2 Rxf4 32. Rxf4 Rxf4 33. Rf1 Rxf1+ 34.
Kxf1 Qf5+ 35. Kg2 d4 0-1

[Event "GBR-ch107 Over 65"]
[Site "Milton Keynes"]
[Date "2021.10.04"]
[Round "1.3"]
[White "Reuben, Stewart"]
[Black "Foster, Brian E"]
[Result "1-0"]
[WhiteElo "1991"]
[BlackElo "1868"]
[PlyCount "117"]
[EventDate "2021.10.04"]
[EventType "swiss"]
[EventRounds "7"]
[EventCountry "GBR"]
[SourceTitle "BritBase"]
[Source "John Saunders"]
[SourceDate "2021.06.05"]
[SourceVersion "1"]
[SourceVersionDate "2021.06.05"]
[SourceQuality "1"]

1. d4 Nf6 2. c4 d5 3. cxd5 Qxd5 4. Nc3 Qa5 5. e3 c6 6. Bd3 Bf5 7. Nge2 Bxd3 8.
Qxd3 Qd8 9. e4 e6 10. Bf4 Na6 11. O-O Nc7 12. Rfd1 Be7 13. Rac1 O-O 14. Qc4 Na6
15. Qb3 Qb6 16. Qxb6 axb6 17. d5 exd5 18. exd5 cxd5 19. Nxd5 Nxd5 20. Rxd5 Rfd8
21. Rb5 Bc5 22. a3 Rac8 23. b4 Bxb4 24. Rxc8 Rxc8 25. axb4 Rd8 26. f3 Rd1+ 27.
Kf2 Rb1 28. Bd6 Nxb4 29. Rxb4 Rd1 30. Rxb6 h6 31. Bc7 Rd7 32. Rxb7 Kh7 33. Ra7
Rd5 34. Bf4 f6 35. Be3 Rb5 36. Nf4 Kg8 37. Ne6 g5 38. Rg7+ Kh8 39. Rg6 Rb2+ 40.
Kg3 Re2 41. Rxh6+ Kg8 42. Rxf6 Rxe3 43. Nxg5 Kg7 44. Rf7+ Kg8 45. h4 Re2 46.
Rf5 Kg7 47. Nh3 Ra2 48. Nf4 Kg8 49. h5 Ra7 50. Kg4 Kh7 51. Kg5 Rg7+ 52. Ng6 Ra7
53. f4 Ra2 54. g4 Ra7 55. Rf8 Ra6 56. f5 Ra4 57. Rh8+ Kg7 58. h6+ Kf7 59. Rf8#
1-0

[Event "GBR-ch107 Over 65"]
[Site "Milton Keynes"]
[Date "2021.10.04"]
[Round "1.4"]
[White "De Coverly, Roger D"]
[Black "Habershon, Paul F"]
[Result "1-0"]
[WhiteElo "1863"]
[BlackElo "1977"]
[PlyCount "99"]
[EventDate "2021.10.04"]
[EventType "swiss"]
[EventRounds "7"]
[EventCountry "GBR"]
[SourceTitle "BritBase"]
[Source "John Saunders"]
[SourceDate "2021.06.05"]
[SourceVersion "1"]
[SourceVersionDate "2021.06.05"]
[SourceQuality "1"]

1. d4 Nf6 2. c4 e6 3. Nc3 c5 4. d5 exd5 5. cxd5 d6 6. e4 g6 7. f4 Bg7 8. Bb5+
Nfd7 9. Bd3 O-O 10. Nf3 Na6 11. O-O Nc7 12. Kh1 Rb8 13. a4 a6 14. a5 b5 15.
axb6 Rxb6 16. Nd2 Nb5 17. Nc4 Rb8 18. Nxb5 axb5 19. Nxd6 c4 20. Bc2 Nc5 21. e5
Bd7 22. Be3 Qc7 23. Qe2 Ra8 24. Rxa8 Rxa8 25. Nxf7 Kxf7 26. Bxc5 Qxc5 27. e6+
Kg8 28. exd7 Rf8 29. Qe6+ Kh8 30. h4 Qd4 31. h5 Qxb2 32. Qe4 Qf6 33. g3 Qd6 34.
Qe6 Rf6 35. Qe8+ Rf8 36. Be4 b4 37. hxg6 b3 38. Rb1 b2 39. Qc8 c3 40. Qc6 Qb4
41. Qe6 Qc5 42. gxh7 Qa5 43. Bc2 Qa8 44. Qc6 Qa7 45. Qe6 Qa8 46. Kg2 Qd8 47.
Re1 Qa8 48. Qc6 Rd8 49. Re8+ Bf8 50. Qf6# 1-0

[Event "GBR-ch107 Over 65"]
[Site "Milton Keynes"]
[Date "2021.10.04"]
[Round "1.5"]
[White "Stimpson, Philip M"]
[Black "Ingham, H William"]
[Result "1/2-1/2"]
[WhiteElo "1949"]
[BlackElo "1855"]
[PlyCount "52"]
[EventDate "2021.10.04"]
[EventType "swiss"]
[EventRounds "7"]
[EventCountry "GBR"]
[SourceTitle "BritBase"]
[Source "John Saunders"]
[SourceDate "2021.06.05"]
[SourceVersion "1"]
[SourceVersionDate "2021.06.05"]
[SourceQuality "1"]

1. d4 c6 2. Nc3 d6 3. Bf4 Qc7 4. e4 e5 5. dxe5 dxe5 6. Be3 Nf6 7. Bc4 Bb4 8. f3
Bxc3+ 9. bxc3 O-O 10. a4 Rd8 11. Qb1 b5 12. axb5 cxb5 13. Qxb5 Ba6 14. Rxa6
Nxa6 15. Qxa6 Rac8 16. Bd3 Qxc3+ 17. Kf2 Rc7 18. Ne2 Qb4 19. c3 Qe7 20. Rb1 Nd7
21. Rb5 Nc5 22. Rxc5 Rxc5 23. Bxc5 Qxc5+ 24. Ke1 h5 25. Bc4 Rb8 26. Qa2 Qe7
1/2-1/2